Najwyżej położone państwa - Statystyki

Ogólne statystyki
  • Ten quiz został rozwiązany 83 razy
  • Średni wynik to 13 z 25
Statystyki odpowiedzi
Średnia wys.
m.n.p.m.
Pańśtwo % Poprawnych
3265 Nepal
93%
1350 Szwajcaria
84%
3280 Bhutan
82%
1840 Chiny
82%
1871 Chile
75%
1555 Peru
75%
1192 Boliwia
74%
2989 Kirgistan
74%
3186 Tadżykistan
72%
1117 Ekwador
64%
1452 Gruzja
62%
1580 Mongolia
61%
1884 Afganistan
59%
1996 Andora
59%
1305 Iran
59%
1792 Armenia
57%
1141 Turcja
41%
1598 Rwanda
30%
1504 Burundi
25%
2161 Lesotho
25%
1330 Etiopia
21%
1138 Zambia
15%
1150 Tajwan
13%
1250 Liban
10%
1141 Namibia
10%
Nie znaleziono quizów pasujących do podanych kryteriów
Rozkład punktacji
Procent ludzi z każdym wynikiem
Percentyl według liczby udzielonych odpowiedzi
Twoja historia wyników
Nie rozwiązałeś tego quizu